|
|
|
|
| LEADER |
00000cam a2200000 i 4500 |
| 001 |
1/43821 |
| 008 |
140306s1980 gr ||| | gre|| |
| 035 |
|
|
|l 10117010
|
| 040 |
|
|
|a GR-MyUA
|b gre
|e AACR2
|
| 041 |
0 |
|
|a gre
|
| 082 |
0 |
|
|a 889.3
|2 (22)
|
| 245 |
1 |
3 |
|a Οι ακυβέρνητες πολιτείες του Στρατή Τσίρκα και η κριτική 1960-1966 /
|c επιμέλεια: Χρύσας Προκοπάκη.
|
| 260 |
|
|
|a [Αθήνα] :
|b Κέδρος,
|c [1980].
|
| 300 |
|
|
|a 228 σ. ;
|c 24 εκ.
|
| 600 |
1 |
0 |
|a Τσίρκας, Στρατής,
|d 1911-1980.
|
| 650 |
0 |
0 |
|a Greek fiction, Modern
|x Critisism and interpretation.
|
| 650 |
0 |
0 |
|a Litterateurs
|z Greece.
|
| 650 |
0 |
0 |
|a Authors, Greek
|x Criticism and interpretation.
|
| 700 |
1 |
|
|a Προκοπάκη, Χρύσα,
|e edtf
|
| 852 |
|
|
|a INST
|b LESVOS
|e 20220113
|h 889.3 ΑΚΥ
|p 005100063745
|q 005100063745
|t BK
|y 0
|
| 852 |
|
|
|a INST
|b SAMOS
|e 20140306
|h 889.3 ΑΚΥ
|p 005300036467
|q 005300036467
|t BK
|y 0
|
| 901 |
|
|
|a BIBL3-2014-1
|
| 970 |
|
|
|a ΓΟΥΒΑΛΑ
|b ΒΑΣΩ
|z 2014/03/06
|